Statistics for Top 10 Presidents and Bottom 10 Presidents

Click here to take the quiz!

General Stats

  • This quiz has been taken 267 times
  • The average score is 16 of 20

Answer Stats

Top Ten% Correct
Abraham Lincoln
99%
Franklin Roosevelt
98%
George Washington
97%
Theodore Roosevelt
94%
George W. Bush
93%
Thomas Jefferson
90%
Andrew Johnson
83%
Harry Truman
80%
Andrew Jackson
79%
Dwight Eisenhower
77%
Ulysses S. Grant
77%
Woodrow Wilson
76%
James Buchanan
69%
James Polk
68%
William Henry Harrison
68%
Franklin Pierce
66%
Warren Harding
65%
Zachary Taylor
65%
John Tyler
61%
Millard Fillmore
55%

Score Distribution

Percentile by Number Answered

Percent of People with Each Score

Your Score History

You have not taken this quiz